El perfil del estudiante de Derecho de la Universidad de Buenos Aires.
Guardat en:
| Autor principal: | |
|---|---|
| Format: | Llibre |
| Idioma: | espanyol |
| Publicat: |
Buenos Aires, Argentina
Facultad de Derecho y Ciencias Sociales
1997
|
| Col·lecció: | Colección Departamento de Ciencias Sociales.
4 |
| Matèries: | |
| Etiquetes: |
Afegir etiqueta
Sense etiquetes, Sigues el primer a etiquetar aquest registre!
|
MARC
| LEADER | 00000nam a2200000 a 4500 | ||
|---|---|---|---|
| 001 | UCP4496 | ||
| 003 | CL-VaPUC | ||
| 005 | 20241018150434.0 | ||
| 008 | 990731e19970000AG |||||||||||||||||spa|d | ||
| 999 | |c 282443 |d 282441 | ||
| 040 | |c Pontificia Universidad Católica de Valparaíso | ||
| 082 | 0 | 4 | |a 340.07 FUC 1997 |2 21 |
| 100 | 0 | |a Fucito, Felipe |9 432033 | |
| 245 | 1 | 3 | |a El perfil del estudiante de Derecho de la Universidad de Buenos Aires. |
| 260 | 0 | 3 | |a Buenos Aires, Argentina |b Facultad de Derecho y Ciencias Sociales |c 1997 |
| 300 | |a 52 páginas. | ||
| 490 | 0 | |a Colección Departamento de Ciencias Sociales. |v 4 | |
| 583 | |a last modification |c 19990731 00:00:00 |k Rodrigo Vera | ||
| 650 | 0 | |a Abogados |9 256284 | |
| 650 | 0 | |a Cultura |9 269059 | |
| 650 | 0 | |a Demografía |9 260008 | |
| 650 | 0 | |a Educación superior |9 223851 | |
| 650 | 0 | |a Formación profesional |9 257232 | |
| 650 | 0 | |a Jueces |9 256162 | |
| 650 | 0 | |a Pedagogía jurídica |9 380883 | |
| 650 | 0 | |a Universitarios |9 371580 | |
| 942 | |c BK |2 ddc | ||
| 945 | |d 19990731 00:00:00 |a vberengu | ||
| 952 | |0 0 |1 0 |2 ddc |4 0 |6 340_070000000000000_FUC_1997 |7 0 |8 A |9 324182 |a BIBDER |b BIBDER |d 2019-11-20 |i 3480615 |o 340.07 FUC 1997 |p 3480615 |r 2023-01-25 |t 2 |w 2019-11-20 |y BK |k DER | ||